000 00653nam a2200193 a 4500
001 BRCA_3018
005 20190320204054.0
008 200109s2004----cl-a---###---#000-0#spa-#
041 _aspa
044 _aag
050 4 _aNK4210.K7
_b.R88
_c2004
245 1 0 _aRuth Krauskopf
_bobra cerámica
260 _aSantiago de Chile
_bRuth Krauskopf
_c2004
300 _a1 v. (sin paginación)
_bil. a color
_c22 cm.
500 _aCatálogo de laexposición ralizada en la Corporación Cultural de Las Condes (Santiago, Chile), mayo 2004
650 1 4 _aKrauskopf, Ruth
_98312
650 1 4 _aCerámica
_vExposiciones
_xCerámica contemporánea
_98313
942 _2lcc
_cB
999 _c2756
_d2756